000 01540nam a22002297a 4500
005 20250521144944.0
008 231220b |||||||| |||| 00| 0 eng d
020 _a9682708273
037 _3Donación
040 _aCO-JMCR
_cCO-JMCR
_dCO-JMCR
_erda
041 _aspa
082 _aA-N
_bTAIr
100 _aTaibo, Paco Ignacio II
_eautor
_943121
245 _aRetornamos como sombras /
_cPaco Ignacio Taibo II.
260 _aBogotá :
_bPlaneta,
_c2002
300 _a510 páginas;
_c23 cm
520 _a1941. Mientras México está a punto de declararle la guerra a Alemania, Hitler se inyecta cafeína mexicana y se hace adicto al peyote para resistir la presión del frente oriental. En mitad de la selva chiapaneca, un grupo de alemanes uniformados con camisas pardas marcha en torno a un viejo gramófono y sufre el acoso de un chino tenaz empeñado en acabar con ellos. Un poeta habilitado como agente secreto descubre que un ministro mexicano tiene una amante que trabaja para la Abwehr IV. Submarinos nazis sondean la costa mexicana en busca de un hueco desde donde asestar un golpe definitivo al gigante americano. Hemingway se queda dormido en una piscina en La Habana y aparece inexplicablemente en Ciudad de México... Retornamos como sombras es una novela rocambolesca donde, al igual que en la realidad, todo sucede a la vez y todo está ligado por hilos sutiles que toca al lector desenredar.
521 _aAdulto
650 _2JMCR
_aNovela española
650 _2JMCR
_aLocura
_vNovela
_943122
942 _2ddc
_cBK
999 _c30486
_d16870